| 000 | 00381nam a22001577a 4500 | ||
|---|---|---|---|
| 003 | OSt | ||
| 005 | 20260102110924.0 | ||
| 007 | 253 pages | ||
| 008 | 260102b |||||||| |||| 00| 0 eng d | ||
| 020 | _a9788190565585 | ||
| 040 | _c | ||
| 082 | _a150/HAY | ||
| 245 |
_aYou can Heal your life _cHay,Louise |
||
| 260 |
_bHay House India _c2004 |
||
| 942 |
_2ddc _cBK _k150/HAY _m150/HAY _n0 |
||
| 999 |
_c36302 _d36302 |
||